00334nam a2200097Ia 4500008004100000082000800041245006900049942000600118952009700124999001500221240331s9999 xx 000 0 und d bTra 0aTraining manual on the management of women's information centres cL 001040708LaWERCLbWERCLcSSCd2024-03-31l0o 305.4 Trap1829r2024-03-31w2024-03-31yL c1645d1645